000 01062nam0a2200349 4500
001 RU\NLR\bibl\292071
005 20250620142638.0
010 _a5-8138-0394-7
_97000
021 _aRU
_b2002-15431
_9775
035 _a(NLR Aleph) 000287431
090 _a1682652
_c1682652
100 _a20020723d2002 |||y0rusy50 ca
101 1 _arus
_ceng
102 _aRU
105 _aa |||||||||
200 1 _aКорабли
_fРичард Хамбл
210 _aСмоленск
_cРусич
_d2002
215 _a47 с.
_cил.
_d29
225 1 _aЧудеса планеты
_iГрандиозная история кораблестроения
610 0 _aКораблестроение - История (д. л.)
675 _a087.5:629.5
_v3
_zrus
686 _a39.4
_2rubbk
686 _aШ9
_bО
700 1 _aХамбл
_bР.
_gРичард
_4070
801 0 _aRU
_bRKP
_c20020723
_gPSBO
801 1 _aRU
_bRKP
_c20020723
801 2 _aRU
_bNLR
_c20020930
_grcr
942 _cBOOK
980 _aNB
980 _aNBR